000 00928nam a22002897a 4500
001 240010
003 DO-SdBNP
005 20160315113521.0
007 240010
008 160315b 1988 sp xxu||||| |||| 00| 0 spa d
020 _a9788432309748
020 _a8432309745
040 _aBPMSU
_bspa
_cBPMSU
092 _axxxx
_bxxxx
100 1 _aGaleano, Eduardo,
_d1940-2015.
245 1 0 _aPatas arriba /
_b la escuela del mundo al revés :
_cEduardo Galeano ; con grabados de José Guadalupe Posada.
250 _a4ª ed.
260 _aMadrid :
_bSiglo XXI de España Editores,
_c1999.
300 _aviii, 365 p. :
_b il. ;
_c21 cm.
490 1 _aLa creación literaria
490 1 _aLa creación literaria (Siglo XXI de España Editores)
830 0 _aLa creación literaria
830 0 _aLa creación literaria (Siglo XXI de España Editores)
910 _a00260
942 _2ddc
_cBK
956 _2LOPEREZ
_310
_6BPMSU
999 _c9234
_d9234